Statistics for Top 100 Stores

Click here to take the quiz!

General Stats

  • This quiz has been taken 112 times
  • The average score is 20 of 100

Answer Stats

RankAnswer% Correct
1Walmart
91%
8Target
73%
14McDonald's
70%
24Yum! Brands (Taco Bell,Pizza Hut,KFC)
63%
11Apple Stores / iTunes
57%
13Best Buy
54%
46Burger King
54%
2Amazon.com
52%
19Macy's
52%
26Starbucks
45%
43Subway
43%
6The Home Depot
43%
4Costco
41%
7CVS Health Corporation
41%
3Kroger
41%
51Wendy's
41%
58Dick's Sporting Goods
39%
5Walgreens Boots Alliance
39%
17ALDI
38%
16TJ Maxx/Marshalls/HomeGoods/Homesense
38%
9Lowe's Companies
36%
39J.C. Penney
32%
60Sears
30%
90Chipotle Mexican Grill
29%
21Dollar Tree
29%
23Kohl's
29%
15Publix
29%
52Dunkin' Donuts
27%
31Rite Aid
27%
37Bed Bath & Beyond
25%
45Chick-Fil-A
25%
71Dillard's
25%
63Staples
23%
18Dollar General
21%
35Gap
21%
12Giant/Food Lion/Fresh Direct
21%
79Panera Bread
21%
28Shoprite
21%
82Hobby Lobby
20%
32Nordstrom
20%
33Ross
20%
74Foot Locker
18%
72IKEA
18%
38Menard
18%
73Office Depot
18%
81Big Lots
16%
22Verizon
16%
77Wayfair
16%
54Wegmans
16%
40L Brands (Victoria's Secret, PINK, Bath and Body Works)
14%
76Sephora
14%
99Shell Oil Company
14%
97Sonic
14%
297-Eleven
13%
30AT&T
13%
98Belk
13%
68Burlington
13%
88Saks Fifth Avenue / Lord & Taylor
13%
36Alimentation Couche-Tard (Circle K)
11%
50AutoZone
11%
75GameStop
11%
48O'Reilly Auto Parts
11%
10Safeway
11%
20H.E.B
9%
44Hy-Vee
9%
25Meijer
9%
57Darden Restaurants
7%
70Domino's Pizza
7%
95Neiman Marcus
7%
56PetSmart
7%
87Academy
5%
27Ace Hardware
5%
94Exxon Mobil Corporation
5%
53Giant Eagle
5%
96Jack In The Box
5%
66Ulta Beauty
5%
80Williams-Sonoma
5%
64Save-A-Lot
4%
55Sherwin-Williams
4%
84Speedway
4%
62Army & Air Force Exchange Service
2%
69Ascena Retail Group
2%
78AVB Brandsource
2%
67Bass Pro Shops
2%
34BJ's Wholesale Club
2%
93Camping World
2%
86Defense Commiss. Agency
2%
65Dine Brands Global
2%
91Discount Tire
2%
47Good Neighbor Pharmacy
2%
42Health Mart
2%
92Michaels Stores
2%
41Qurate
2%
85Signet Jewelers
2%
83Sprout's Farmers Market
2%
59Tractor Supply Co.
2%
89True Value Co.
2%
61WinCo Foods
2%
49Southeastern Grocers
0%
100Stater Bros Holdings
0%

Score Distribution

Percentile by Number Answered

Percent of People with Each Score

Your Score History

You have not taken this quiz